000 00400nam a22001457a 4500
999 _c7393
_d7391
005 20210903140106.0
008 200622b xxu||||| |||| 00| 0 eng d
082 _a345.4 AIR-L
110 _aALL INDIA REPORTER
_96863
245 _aTHE LABOUR AND INDUSTRIAL CASE [1979] V -12 JOURNAL
260 _aMUMBAI
_bALL INDIA REPORTER Pvt Ltd.
_c1980
300 _a592p.
650 _aLAW
_95701
942 _cJRL